[Event "Catanduva op"]
[Site "Catanduva"]
[Date "2020.03.15"]
[Round "6"]
[White "Dias Filho, Pedro Stein"]
[Black "Dos Santos, Thiago Teixeira"]
[Result "1-0"]
[WhiteElo "1442"]
[BlackElo "1800"]
[PlyCount "111"]
[EventDate "2020.03.13"]
[EventType "swiss"]
[EventRounds "6"]
[EventCountry "BRA"]
[SourceTitle "CBM 195 Extra"]
[Source "ChessBase"]
[SourceDate "2020.05.31"]
[SourceVersion "1"]
[SourceVersionDate "2020.05.31"]
[SourceQuality "1"]

1. e4 e6 2. d4 d5 3. Nc3 Nf6 4. Bg5 Be7 5. e5 Nfd7 6. Bxe7 Qxe7 7. f4 c5 8. Nf3 0-0 9. Bd3 a6 10. a4 Nc6 11. 0-0 cxd4 12. Bxh7+ Kxh7 13. Ng5+ Kg6 14. Qd3+ f5 15. Qh3 Qxg5 16. fxg5 dxc3 17. bxc3 Ndxe5 18. Rae1 Kxg5 19. Qg3+ Kf6 20. Qh4+ Kf7 21. g4 Bd7 22. Qg3 g6 23. Rxe5 Nxe5 24. Qxe5 Bxa4 25. Re1 Rae8 26. g5 Re7 27. Qf6+ Ke8 28. Qxg6+ Kd7 29. Re2 Bb5 30. Rd2 f4 31. Rf2 f3 32. Qh6 Ree8 33. Qg7+ Kc8 34. Qd4 Be2 35. h4 e5 36. g6 e4 37. g7 Rg8 38. h5 e3 39. Qg4+ Kb8 40. h6 Bd3 41. Qg3+ Ka8 42. Rxf3 e2 43. Re3 Rxe3 44. Qxe3 e1Q+ 45. Qxe1 Bxc2 46. Qe7 Ka7 47. Qf7 Bh7 48. Qf8 a5 49. Qc5+ Ka6 50. Qxd5 a4 51. Qc4+ b5 52. Qb4 Rc8 53. Kf2 Rc6 54. Qg4 Rg6 55. Qxg6+ Bxg6 56. g8Q 1-0

[Event "Florianopolis op 6th"]
[Site "Florianopolis"]
[Date "2020.01.21"]
[Round "2"]
[White "Dias Filho, Pedro Stein"]
[Black "Ittner, Emily Caroline"]
[Result "1-0"]
[WhiteElo "1445"]
[BlackElo "1087"]
[PlyCount "67"]
[EventDate "2020.01.20"]
[EventType "swiss"]
[EventRounds "10"]
[EventCountry "BRA"]
[SourceTitle "CBM 194 Extra"]
[Source "ChessBase"]
[SourceDate "2020.03.31"]
[SourceVersion "1"]
[SourceVersionDate "2020.03.31"]
[SourceQuality "1"]

1. e4 c5 2. Nf3 d6 3. d4 cxd4 4. Nxd4 e5 5. Nb3 Nf6 6. Nc3 Be7 7. Bg5 Nbd7 8. f3 b6 9. Qd2 0-0 10. 0-0-0 a6 11. g4 Bb7 12. h4 Qc7 13. Bxf6 Bxf6 14. g5 Be7 15. Nd5 Bxd5 16. exd5 a5 17. Kb1 a4 18. Nc1 Nc5 19. Nd3 b5 20. Nxc5 Qxc5 21. Bd3 g6 22. h5 Qxd5 23. Qh2 Bxg5 24. hxg6 Kg7 25. Be4 Qc5 26. Qxh7+ Kf6 27. Bxa8 a3 28. g7 Rxa8 29. g8Q Rxg8 30. Qxg8 axb2 31. Qd8+ Kf5 32. Qd7+ Kf4 33. Qg4+ Ke3 34. Rhe1+ 1-0

[Event "Florianopolis op 5th"]
[Site "Florianopolis"]
[Date "2019.01.26"]
[Round "9"]
[White "Dias Filho, Pedro Stein"]
[Black "Gomes, Marco Tulio Caldeir"]
[Result "0-1"]
[WhiteElo "1507"]
[BlackElo "1678"]
[PlyCount "46"]
[EventDate "2019.01.21"]
[EventType "swiss"]
[EventRounds "10"]
[EventCountry "BRA"]
[SourceTitle "CBM 188 Extra"]
[Source "ChessBase"]
[SourceDate "2019.02.26"]
[SourceVersion "1"]
[SourceVersionDate "2019.02.26"]
[SourceQuality "1"]

1. e4 c5 2. Nf3 Nc6 3. d4 cxd4 4. Nxd4 e6 5. Be3 Qc7 6. Nc3 a6 7. Be2 Nf6 8. 0-0 Bb4 9. f3 0-0 10. Qd2 d5 11. exd5 Nxd5 12. Nxd5 Bxd2 13. Nxc7 Bxe3+ 14. Kh1 Ra7 15. Nxc6 bxc6 16. Nxe6 Bxe6 17. Bd3 a5 18. Rae1 Bd4 19. c3 Bf6 20. a3 Rd8 21. Be4 c5 22. Bc6 Ra6 23. Bb5 Rad6 0-1

[Event "BRA-ch Amateur U2000"]
[Site "Sao Paulo"]
[Date "2017.10.12"]
[Round "1"]
[White "Lage, Pedro Ferreira"]
[Black "Dias Filho, Pedro Stein"]
[Result "1-0"]
[WhiteElo "1884"]
[BlackElo "1524"]
[PlyCount "79"]
[EventDate "2017.10.12"]
[EventType "swiss"]
[EventRounds "7"]
[EventCountry "BRA"]
[SourceTitle "EXT 2019"]
[Source "ChessBase"]
[SourceDate "2018.10.10"]
[SourceVersion "1"]
[SourceVersionDate "2018.10.10"]
[SourceQuality "1"]

1. Nf3 Nf6 2. c4 g6 3. Nc3 Bg7 4. g3 0-0 5. Bg2 d6 6. 0-0 e5 7. d3 Nc6 8. Rb1 a6 9. b4 Nd7 10. Nd5 Ne7 11. a4 Nxd5 12. cxd5 b5 13. Bg5 f6 14. Be3 Nb6 15. Bxb6 cxb6 16. axb5 axb5 17. Ra1 Bb7 18. e4 Qc7 19. Qd2 Ra4 20. Bh3 Bc8 21. Rac1 Qb7 22. Bxc8 Rxc8 23. Rxc8+ Qxc8 24. Rc1 Qb7 25. Rc6 Bf8 26. Qc3 Ra7 27. d4 Qa6 28. dxe5 fxe5 29. Ng5 Qa1+ 30. Qxa1 Rxa1+ 31. Kg2 Rb1 32. Rc8 Rxb4 33. Ne6 h6 34. Rxf8+ Kh7 35. Rf7+ Kg8 36. Rg7+ Kh8 37. Rxg6 Rxe4 38. Rxh6+ Kg8 39. Nc7 Rd4 40. Rxd6 1-0

[Event "Florianopolis op 3rd"]
[Site "Florianopolis"]
[Date "2017.01.23"]
[Round "5"]
[White "Gazola, Vanessa Ramos"]
[Black "Dias Filho, Pedro Stein"]
[Result "1-0"]
[WhiteElo "2056"]
[BlackElo "1681"]
[PlyCount "39"]
[EventDate "2017.01.20"]
[EventType "swiss"]
[EventRounds "10"]
[EventCountry "BRA"]
[SourceTitle "CBM 176 Extra"]
[Source "ChessBase"]
[SourceDate "2017.03.02"]
[SourceVersion "1"]
[SourceVersionDate "2017.03.02"]
[SourceQuality "1"]

1. d4 Nf6 2. c4 e5 3. dxe5 Ng4 4. Nf3 Nc6 5. e3 Ngxe5 6. Nbd2 Bb4 7. Be2 d6 8. 0-0 0-0 9. a3 Bxd2 10. Bxd2 b6 11. Bc3 Re8 12. b3 Bf5 13. Nd4 Nxd4 14. Qxd4 Qf6 15. e4 c5 16. Qe3 Qh6 17. Qxh6 gxh6 18. exf5 Nd7 19. Bf3 Rac8 20. Rad1 1-0

[Event "Florianopolis op 3rd"]
[Site "Florianopolis"]
[Date "2017.01.20"]
[Round "1"]
[White "Scardini, Leonardo"]
[Black "Dias Filho, Pedro Stein"]
[Result "1-0"]
[WhiteElo "1386"]
[BlackElo "1681"]
[PlyCount "57"]
[EventDate "2017.01.20"]
[EventType "swiss"]
[EventRounds "10"]
[EventCountry "BRA"]
[SourceTitle "CBM 176 Extra"]
[Source "ChessBase"]
[SourceDate "2017.03.02"]
[SourceVersion "1"]
[SourceVersionDate "2017.03.02"]
[SourceQuality "1"]

1. d4 Nf6 2. Nf3 g6 3. Bf4 d6 4. e3 Bg4 5. Nbd2 Bg7 6. Bd3 Nh5 7. g3 Nxf4 8. gxf4 Qd7 9. Bf1 Nc6 10. Bg2 0-0-0 11. c3 e5 12. dxe5 dxe5 13. fxe5 Nxe5 14. 0-0 Bh3 15. Nxe5 Bxe5 16. Nc4 Qe6 17. Qe2 Bxg2 18. Kxg2 Qc6+ 19. f3 Bg7 20. e4 b6 21. Ne3 h5 22. Rad1 h4 23. h3 Bh6 24. Nd5 Bf8 25. Rd4 Kb8 26. Rfd1 Bc5 27. Nb4 Qf6 28. Rxd8+ Rxd8 29. Rxd8+ 1-0